000 01129aam a2200337 i 4500
001 768714001
003 CO-MdFUSB
005 20250507162924.0
007 ta
008 250507t2005 sp |||| |||| 00| 0 spa d
020 _a84-330-1964-3
040 _cCO-MdFUSB
041 _aspa
082 0 4 _223
_a241.66
_bS47118s
100 1 _aSemen, Yves
_eautor
245 1 3 _aLa sexualidad según Juan Pablo II
_c/ Yves Semen ; traducido por Miguel Montes
250 _atercera edición
264 4 _bDesclée de Brouwer,
_aBilbao, España :
_c[2006]
264 4 _c©2006
300 _a180 páginas
336 _atexto
_btxt
_2rdacontent
337 _2rdamedia
_asin mediación
_bn
338 _2rdacarrier
_avolumen
_bnc
505 _aJuan Pablo II: un enfoque inédito de la sexualidad - El plan de Dios sobre la sexualidad humana - El pecado, el deseo y la concupiscencia - El matrimonio, la redención y la resurrección - La sexualidad y la santidad.
563 _aPasta dura
650 0 _aSexo
_91346
653 _aÉtica cristiana
700 _aMontes, Miguel,
_95198
_etraductor
942 _cBK
945 _aJTF-925
999 _c43791
_d43791